000 00302nam a22001217a 4500
008 180104b xxu||||| |||| 00| 0 eng d
041 _aeng
080 _a91
100 _a42
101 _aGJE
245 _aCHILD SPACING TRO[ICAL AFRICA TRADITIONS AND CHANGE
_cPAGA.H.J
942 _2udc
_cBK
999 _c39676
_d39676